|
|
|
|
| LEADER |
00000nab a22000007a 4500 |
| 001 |
vtls010674324 |
| 003 |
SK-MaSNL |
| 005 |
20260304184808.0 |
| 008 |
250708s1958 xo |||||||||||||||||slo| |
| 035 |
|
|
|a (urnnbn)urn:nbn:sk:snk:ar-a06jz8
|
| 035 |
|
|
|a (uuid)fed76e08-bddb-4d1a-b97d-0e0288a9a0f7
|
| 035 |
|
|
|a urn:nbn:sk:snk-ab19yp
|
| 040 |
|
|
|a SNKBUCL
|b slo
|c SNKBUCL
|e AACR2
|
| 041 |
0 |
|
|a slo
|
| 044 |
|
|
|a xo
|c SK
|
| 100 |
1 |
|
|a Malá, Mária
|4 aut
|9 331565
|
| 245 |
1 |
0 |
|a L. SZÁNTÓ, VYBRANÉ STATE
|c Mária Malá
|
| 773 |
0 |
|
|t Slovenský filozofický časopis : Slovenskej akadémie vied
|g Roč. 13, č. 4 (1958), s. 409-411
|
| 850 |
|
|
|a Slovenská národná knižnica
|
| 852 |
|
|
|a Slovenská národná knižnica
|
| 954 |
|
|
|a odborná, vedecká literatúra pôvodná (slovenská)
|2 lita
|
| 958 |
|
|
|a article
|
| 958 |
|
|
|a OND
|
| 958 |
|
|
|a EUIPO
|
| 999 |
|
|
|c 3039938
|d 3041868
|